Sermones del Padre Luis Burdalue, de la extinguida Compañia llamada de Jesus, nuevamente traducidos del frances al castellano

Detalles Bibliográficos
Autor principal: Bourdaloue, Louis, S. J., 1632-1704
Otros Autores: Godos, Manuel de, ed
Formato: Libro
Lenguaje:Spanish
Publicado: en Madrid : por Blas Roman, impresor de la Real Academia de Derecho Español y Público ; a costa de Manuel Godos, mercader de libros en las gradas de San Felipe el Real, donde se hallará, 1783.
Edición:Segunda edicion
Materias:
Colección:Banco de datos
Acervo:Seminario Conciliar de Nuestra Señora de Guadalupe Querétaro. Qro.. Biblioteca Florencio Rosas. Fondo Reservado
Descripción Física:16 t. ; 4°
Tema general:Homilética
Notas:Portada tipográfica con monograma del impresor y pleca en grabado xilográfico. Texto a renglón seguido con paginación en números arábigos, cornisas, titulillos, signaturas, reclamos y notas a pie de página. Cada tomo con portada y paginación propias. El t. 14 publicado en 1783. Paginación: t. 14 [2] h., 334 p. Incluye cabeceras de título con motivos arabescos, letras capitulares historiadas y con motivos arabescos y viñetas finales con motivos florales en grabado xilográfico. Encuadernación en pergamino sobre cartón. Ex libris manuscrito en el verso de la guarda anterior: "Br. Esteban de la Riva". Ex libris manuscrito en el verso de la tabla de sermones: (ilegible). Sello en tinta del Pbro. José de la Merced Legarda. Daños de humedad y en la encuadernación, cubierta semidesprendida y guarda anterior desprendida. Testigo entre las p. 234-235: sobre dirigido al Pbro. José Merced Legarda
LEADER 01902nam a22002170004500
035 |a 1349 
041 0 |a spa 
100 1 |a Bourdaloue, Louis, S. J., 1632-1704 
245 1 0 |a Sermones del Padre Luis Burdalue, de la extinguida Compañia llamada de Jesus, nuevamente traducidos del frances al castellano 
250 |a Segunda edicion 
260 |a en Madrid : por Blas Roman, impresor de la Real Academia de Derecho Español y Público ; a costa de Manuel Godos, mercader de libros en las gradas de San Felipe el Real, donde se hallará, 1783. 
300 |a 16 t. ; 4° 
500 |a Portada tipográfica con monograma del impresor y pleca en grabado xilográfico. Texto a renglón seguido con paginación en números arábigos, cornisas, titulillos, signaturas, reclamos y notas a pie de página. Cada tomo con portada y paginación propias. El t. 14 publicado en 1783. Paginación: t. 14 [2] h., 334 p. Incluye cabeceras de título con motivos arabescos, letras capitulares historiadas y con motivos arabescos y viñetas finales con motivos florales en grabado xilográfico. Encuadernación en pergamino sobre cartón. Ex libris manuscrito en el verso de la guarda anterior: "Br. Esteban de la Riva". Ex libris manuscrito en el verso de la tabla de sermones: (ilegible). Sello en tinta del Pbro. José de la Merced Legarda. Daños de humedad y en la encuadernación, cubierta semidesprendida y guarda anterior desprendida. Testigo entre las p. 234-235: sobre dirigido al Pbro. José Merced Legarda 
504 |a Al principio del tomo está la tabla de sermones 
505 0 0 |a t. 14 Tomo segundo de las exortaciones e instrucciones 
650 1 0 |a Homilética 
700 1 |a Godos, Manuel de, ed. 
949 |a Fondo Reservado: t. 14 (2182) 
942 |c QUER-RES 
943 |g Seminario Conciliar de Nuestra Señora de Guadalupe Querétaro. Qro.. Biblioteca Florencio Rosas. Fondo Reservado 
999 |c 1109013  |d 1109013